000 00762nam a2200229 a 4500
999 _c3171
_d3171
001 3171
003 BD-JhCC
005 20171112164358.0
008 171111s1985 bg |||| ||a| 000 0 ben d
035 _a(BD-JhCC) 3171
040 _aBD-JhCC
_dBD-JhCC
041 _aBen
082 _a915.492
_bHAQ 1985
100 _aহক, সৈয়দ মাজহারুল
245 _aবাংলাদেশের নদী /
_c সৈয়দ মাজহারুল হক
260 _aঢাকা :
_bবাংলা একাডেমী ঢাকা ,
_c1985
300 _a104 .:
_c18 cm .
490 _aSeries in honour of the Martyrs of the Language Movement of February 1952.
651 _aRivers of Bangladesh
942 _2ddc
_cBK